=LDR 00000nam 2200000 4500 =001 NUTBA000000000005093 =005 20200220072951 =035 ##$$a 0010-101400000000323 =008 200220################g##########0#ind## =020 ##$$a 978-979-25-4806-8 =040 ##$$a NBPDMAT =082 ##$$a 158.1 =090 ##$$a 158.1 $b Abu m =100 ##$$a Abu Zuhatul Aziza =245 1#$$a Modal jitu jadi kaya /$c Abu Zuhratul, editor, Rose Kusumaningratri =260 ##$$a Yogyakarta :$b Javalitera,$c 2010 =300 ##$$a 130 hlm. ; $c 20 x 14 cm. =500 ##$$a Bibliografi : hlm. 123 =650 #4$$a Sukses =700 #$$a Rose Kusumaningratri =850 ##$$a NBPDMAT =084 ##$$a 158.1 ABU m =990 ##$$a 21412402 =990 ##$$a 21412403 =990 ##$$a 21412404 =990 ##$$a 21412405 =990 ##$$a 21412406